Strategic Control Techniques (Record no. 3017)
[ view plain ]
| 000 -LEADER | |
|---|---|
| fixed length control field | 00640nam a2200133 4500 |
| 020 ## - INTERNATIONAL STANDARD BOOK NUMBER | |
| ISBN | 8176113883 |
| 050 ## - CALL NUMBER | |
| Classification number | HD62.7AGA |
| 100 ## - AUTHOR | |
| Personal name | N.P. AGARWAL |
| 245 ## - TITLE | |
| Title | Strategic Control Techniques |
| Statement of responsibility, etc | N.P. AGARWAL, AJAY TIWARI & B.K.MISHRA |
| 260 ## - PUBLICATION INFORMATION | |
| Place of publication | , Jaipur |
| Name of publisher | RBSA |
| Year of publication | (2007) |
| 300 ## - DESCRIPTION | |
| Number of Pages | 389p. |
| 505 ## - FORMATTED CONTENTS NOTE | |
| Table of Content | Contents Preface. 1. Introduction. I. Quantitative control techniques 2. Variance control. 3. Quality control. II. Cost accounting control techniques 4. Budgetary control. 5. Marginal costing. III. Accounting and audit control techniques 6. Social cost benefit analysis. 7. Environmental assessment. 8. Manpower control. |
| 942 ## - ADDED ENTRY ELEMENTS (KOHA) | |
| Koha item type | Books |
| Withdrawn status | Lost status | Collection code | Home library | Current library | Shelving location | Date acquired | Full call number | Accession Number | Koha item type |
|---|---|---|---|---|---|---|---|---|---|
| Reference | Methodist University Library Main | Methodist University Library Main | General Stacks | 02/02/2009 | HD62.7AGA | 23938 | Books | ||
| Reference | Methodist University Library Main | Methodist University Library Main | General Stacks | 02/02/2009 | HD62.7AGA | 23936 | Books | ||
| Reference | Methodist University Library Main | Methodist University Library Main | General Stacks | 02/02/2009 | HD62.7AGA | 23937 | Books |